| 000 | 00678cam a22001931 4500 | ||
|---|---|---|---|
| 082 |
_a943 _bSTR |
||
| 100 | 1 |
_aStrasser, Otto, _950663 |
|
| 245 | 1 | 0 |
_aGermany tomorrow; _ctranslated from the German by Eden & Cedar Paul. |
| 260 |
_aLondon, _bJ. Cape _c[1940] |
||
| 300 |
_a254 p. _c21 cm. |
||
| 500 | _a"The bulk of ... [the author's Aufbau des deutschen sozialismus] appears in part three of the present volume." -- p. 11. | ||
| 526 |
_a0 _b0 _c0 _d943_000000000000000_STR |
||
| 650 | 0 |
_aMCE _9379 |
|
| 650 | 0 |
_aSocialism _zGermany. _950664 |
|
| 650 | 0 |
_aWorld War, 1939-1945 _xPeace. _950053 |
|
| 700 | 1 |
_aPaul, Cedar, _946305 |
|
| 700 | 1 |
_aPaul, Eden, _946306 |
|
| 942 |
_2ddc _cBK |
||
| 999 |
_c553419 _d553419 |
||